Southville International School and Colleges
Your cart is empty.
  • Cart
  • Lists
    Public lists Eva Luna New books Lux_list list_1
    Your lists Log in to create your own lists
  • Log in to your account
  • Your cookies
  • Search history
Southville International School and Colleges
  • Advanced search
  • Recent comments
  • Most popular
  • Libraries

Log in to your account

Log in with GOOGLE


If you do not have an external account, but do have a local account, you can still log in:

  1. Home
  2. MARC view: Makamisa :
Normal view MARC view ISBD view

Makamisa : (Record no. 276685)

[ view plain ]
MARC details
000 -LEADER
fixed length control field 00795nam a22002535a 4500
001 - CONTROL NUMBER
control field FIB022866
005 - DATE AND TIME OF LATEST TRANSACTION
control field 20141022162754.0
008 - FIXED-LENGTH DATA ELEMENTS--GENERAL INFORMATION
fixed length control field 090213s2008 ph 000 0 eng
010 ## - LIBRARY OF CONGRESS CONTROL NUMBER
LC control number 2009316129
020 ## - INTERNATIONAL STANDARD BOOK NUMBER
International Standard Book Number 9789712721311
040 ## - CATALOGING SOURCE
Original cataloging agency DLC
Transcribing agency DLC
041 0# - LANGUAGE CODE
Language code of text/sound track or separate title eng
-- tgl
-- spa
050 ## - LIBRARY OF CONGRESS CALL NUMBER
Classification number DS 675.8
Item number .Oc1 2008
100 1# - MAIN ENTRY--PERSONAL NAME
Personal name Ocampo, Ambeth R.
245 10 - TITLE STATEMENT
Title Makamisa :
Remainder of title the search for Rizal's third novel /
Statement of responsibility, etc Ambeth R. Ocampo.
260 ## - PUBLICATION, DISTRIBUTION, ETC. (IMPRINT)
Place of publication, distribution, etc Manila :
Name of publisher, distributor, etc Anvil Pub.,
Date of publication, distribution, etc c2008.
300 ## - PHYSICAL DESCRIPTION
Extent 152 pages ;
Dimensions 23 cm.
504 ## - BIBLIOGRAPHY, ETC. NOTE
Bibliography, etc Includes bibliographical references.
546 ## - LANGUAGE NOTE
Language note In English, with some articles in Tagalog and Spanish.
650 ## - SUBJECT ADDED ENTRY--TOPICAL TERM
Topical term or geographic name as entry element Rizal, Jose, 1861-1896.
650 ## - SUBJECT ADDED ENTRY--TOPICAL TERM
Topical term or geographic name as entry element Rizal, Jose
General subdivision Literary works.
740 ## - ADDED ENTRY--UNCONTROLLED RELATED/ANALYTICAL TITLE
Uncontrolled related/analytical title Search for Rizal's third novel.
942 ## - ADDED ENTRY ELEMENTS (KOHA)
Source of classification or shelving scheme Library of Congress Classification
Koha item type Books
Call number prefix Local

No items available.

Makamisa :

APA

Ocampo A. R., . (2008). Makamisa. Manila: Anvil Pub.

Chicago

Ocampo Ambeth R, . 2008. Makamisa. Manila: Anvil Pub.

Harvard

Ocampo A. R., . (2008). Makamisa. Manila: Anvil Pub.

MLA

Ocampo Ambeth R, . Makamisa. Manila: Anvil Pub. 2008.

  • Print
  • Cite
  • Add to your cart (remove)
  • Save record
    BIBTEX Dublin Core MARCXML MARC (non-Unicode/MARC-8) MARC (Unicode/UTF-8) MARC (Unicode/UTF-8, Standard) MODS (XML) RIS
  • More searches
    Search for this title in:
    Other Libraries (WorldCat) Other Databases (Google Scholar) Online Stores (Bookfinder.com) Open Library (openlibrary.org)

Exporting to Dublin Core...

SOUTHVILLE LIBRARY

Southville International School and Colleges Library

1281 Tropical Ave. Cor. Luxembourg St., BF Homes International, Las Pinas City

Tel. No. 8256374 / 252358 Loc. 117/146

Powered by Koha